000 01031nam a2200313 i 4500
001 000008560
003 DO-SdBNP
005 20250723142539.0
007 ta
008 090917s2001 dr ac r 001 0 spa d
020 _a9993430242
040 _aDO-SdBNP
_bspa
_cBNPHU
_erda
041 _aspa
082 4 _aRD860
_bM115p
_222
100 1 _aMacarrulla C., Dulce,
_eautor
_4aut.
_922943
245 1 0 _aPor los lugares del recuerdo /
_cDulce Macarrulla.
264 1 _aSanto Domingo :
_bBanco Central de la República Dominicana,
_c2001.
300 _a215 páginas :
_bilustraciones, retratos ;
_c23 cm.
336 _atexto
_btxt
_2rdacontent
337 _asin mediación
_bn
_2rdamedia
338 _avolumen
_bnc
_2rdacarrier
490 1 _aBanco Central de la República Dominicana
500 _aIncluye datos biográficos del autor en las solapas
590 _aInventariado, 2021 / DG
650 4 _aLiteratura dominicana.
_967
710 2 _aBanco Central de la República Dominicana
_983405
910 _aD/G
942 _2ddc
_cLBS1
999 _c8330
_d8330